C++ Θεωρία και πράξη
Αποθηκεύτηκε σε:
| Κύριος συγγραφέας: | |
|---|---|
| Μορφή: | Βιβλίο |
| Γλώσσα: | Greek |
| Δημοσίευση: |
Θεσσαλονίκη :
Κ.Ε. Λάζος,
2004.
|
| Θέματα: | |
| Ετικέτες: |
Προσθήκη ετικέτας
Δεν υπάρχουν, Καταχωρήστε ετικέτα πρώτοι!
|
MARC
| LEADER | 00000cam a2200000 i 4500 | ||
|---|---|---|---|
| 001 | 1/83745 | ||
| 008 | 080505s2004 gr | ||| |||| ||gre|| | ||
| 020 | |a 9608772354 | ||
| 035 | |l 10097007 | ||
| 040 | |a GR-MyUA |b gre |e AACR2 | ||
| 041 | 0 | |a gre | |
| 082 | 0 | |a 005.133 |2 (22) | |
| 100 | 1 | |a Λάζος, Κωνσταντίνος Ε. | |
| 245 | 1 | 0 | |a C++ Θεωρία και πράξη / |c Κωνσταντίνος Ε. Λάζος. |
| 260 | |a Θεσσαλονίκη : |b Κ.Ε. Λάζος, |c 2004. | ||
| 300 | |a 674 σ. : |b εικ. ; |c 24 εκ. | ||
| 504 | |a Περιέχει βιβλιογραφικές αναφορές. | ||
| 650 | 0 | 0 | |a C++ (Computer program language) |
| 852 | |a INST |b SAMOS |e 20090513 |h 005.133 ΛΑΖ |p 005300028798 |q 005300028798 |t BK |y 0 | ||
| 852 | |a INST |b SAMOS |e 20090513 |h 005.133 ΛΑΖ |p 005300028799 |q 005300028799 |t BK |y 0 | ||
| 852 | |a INST |b SAMOS |e 20090513 |h 005.133 ΛΑΖ |p 005300028800 |q 005300028800 |t BK |y 0 | ||
| 852 | |a INST |b SAMOS |e 20090513 |h 005.133 ΛΑΖ |p 005300028801 |q 005300028801 |t BK |y 23 | ||
| 852 | |a INST |b SAMOS |e 20080505 |h 005.133 ΛΑΖ |p 005300030426 |q 005300030426 |t BK |y 0 | ||
| 852 | |a INST |b SAMOS |e 20080505 |h 005.133 ΛΑΖ |p 005300030427 |q 005300030427 |t BK |y 0 | ||
| 901 | |a BIBL3-2009-2 | ||
| 901 | |a BIBL3-2008-2 | ||
| 909 | |a Σ |b 157856 | ||
| 909 | |a Σ |b 157857 | ||
| 909 | |a Σ |b 157858 | ||
| 909 | |a Σ |b 157859 | ||
| 909 | |a Σ |b 134639 | ||
| 909 | |a Σ |b 134645 | ||
| 970 | |a Ρούσσου |b Κωνσταντίνα |z 2008/05/05 | ||